000 00862nam a22001817a 4500
999 _c63484
_d63484
003 Ge_BSU
005 20251023144724.0
008 251017s1976 ge ||||| |||| 00| 0 geo d
041 _ageo
080 _a631.115.6(479.223) კ-64
100 _aკობალაძე, მუხრან
_926051
245 _aტრადიციები გრძელდება :
_b[ნარკვევი ხელვაჩაურის რ-ის სოფ. ახალშენის კოლმეურნეობაზე] /
_cმუხრან კობალაძე.
264 _aბათუმი :
_bსაბჭ. აჭარა,
_c1976.
300 _a30 გვ. ;
_c 20 სმ.
653 _aჩვენი შუქურები
653 _aკოლმეურნეობები აჭარაში
942 _2udc
_cᲬᲘᲒᲜᲘ